Controle da administração pública : (Record no. 896)

MARC details
000 -LÍDER
Campo Fixo de Controle 00815nam a2200241 a 4500
001 - NÚMERO DE CONTROLE
Campo de Controle 896
003 - IDENTIFICAÇÃO DO NÚMERO DE CONTROLE
Campo de Controle BR-CuiBMT
005 - DATA E HORA DA ÚLTIMA ATUALIZAÇÃO
Campo de Controle 20231122204431.0
008 - DADOS FIXOS
Dados Fixos 231122s2016 spb 000 0 por d
020 ## - INTERNATIONAL STANDARD BOOK NUMBER
Nº do ISBN 9788547204037
040 ## - AGÊNCIA CATALOGADORA
Código da Agência Catalogadora BR-CuiBMT
Agência que transcreveu o registro BR-CuiBMT
080 ## - Nº DA CLASSIFICAÇÃO DECIMAL UNIVERSAL
Nº edição CDU 2007
Nº Class. CDU 351.94:336.148
090 ## - NÚMERO DE CHAMADA
Nº classificação 351.94:336.148
Cutter F814c
Ano/Edição 4. ed.
100 1# - ENTRADA PRINCIPAL -- AUTOR PESSOAL
Nome pessoal França, Phillip Gil
245 10 - TÍTULO PRINCIPAL
Título principal Controle da administração pública :
Subtítulo combate à corrupção, discricionariedade administrativa e regulação econômica /
Indicação de responsabilidade Phillip Gil França.
250 ## - EDIÇÃO
Edição 4. ed. rev., atual e ampl.
260 ## - PUBLICAÇÃO, DISTRIBUIÇÃO, ETC.
Local de publicação São Paulo :
Editora Saraiva,
Data 2016.
300 ## - DESCRIÇÃO FÍSICA
N. páginas ou volumes 334 p. ;
Dimensões 21 cm
504 ## - NOTA DE BIBLIOGRAFIA, ETC.
Nota de bibliografia Inclui bibliografia.
650 ## - ASSUNTO TÓPICO
Cabeçalho tópico ou nome geográfico Administração pública
650 ## - ASSUNTO TÓPICO
Cabeçalho tópico ou nome geográfico Agências reguladoras de atividades privadas
Subdivisão geográfica Brasil
942 ## - ELEMENTOS DE ENTRADA ADICIONAIS (KOHA)
Fonte de classificação ou esquema de arquivamento Classificação Decimal Universal
Tipo de item do Koha Livros
Holdings
Estado: removido Estado: perdido Fonte de classificação ou esquema de arquivamento Estado: danificado Indisponível para empréstimo Localização permanente Localização atual Data de aquisição Total Checkouts Número de Chamada completo Código de barras Date last seen Número do exemplar Preço efetivo a partir de Tipo de item (Koha)
    Classificação Decimal Universal     Biblioteca da Escola Superior de Contas do TCE/MT Biblioteca da Escola Superior de Contas do TCE/MT 23/04/2018   351.94:336.148 F814c 4. ed. BIBTCEMT23110886 22/11/2023 Ex. 1 22/11/2023 Livros

Powered by Koha